| 000 | 00589nam a22001937a 4500 | ||
|---|---|---|---|
| 999 |
_c192259 _d192259 |
||
| 005 | 20220916104251.0 | ||
| 010 | _aUR-11727 | ||
| 020 |
_a8176401692 _c150.00 |
||
| 035 | _aU-10282 | ||
| 037 |
_bDBAD/PUB _a- |
||
| 082 | _a841.08 | ||
| 100 | _aکشمیری لال شاکر | ||
| 245 |
_aپرواز / _cکشمیری لال شاکر _hا ر د و |
||
| 246 |
_aParwaaz / _bby Kashmiri Lal Shakir |
||
| 260 |
_aNew Delhi _bStar Publications _c2005 ء |
||
| 270 |
_a4/5B, Asaf Ali Road _bNew Delhi _e110002 |
||
| 300 |
_aص _c22cm(Hb) |
||
| 942 |
_2ddc _cUR _h841.08 _mک ش م |
||